Oxford advanced learner's dictionary of current English / (Record no. 1524)

MARC details
000 -LEADER
fixed length control field 02170cam a2200469 i 4500
001 - CONTROL NUMBER
control field 22456944
003 - CONTROL NUMBER IDENTIFIER
control field OSt
005 - DATE AND TIME OF LATEST TRANSACTION
control field 20230620095831.0
008 - FIXED-LENGTH DATA ELEMENTS--GENERAL INFORMATION
fixed length control field 220308s2015 enkab d 000 0 eng d
010 ## - LIBRARY OF CONGRESS CONTROL NUMBER
LC control number 2022285188
015 ## - NATIONAL BIBLIOGRAPHY NUMBER
National bibliography number GBB571015
Source bnb
016 7# - NATIONAL BIBLIOGRAPHIC AGENCY CONTROL NUMBER
Record control number 017381798
Source Uk
020 ## - INTERNATIONAL STANDARD BOOK NUMBER
International Standard Book Number 9780194798808
Qualifying information (paperback and DVD pack)
020 ## - INTERNATIONAL STANDARD BOOK NUMBER
Canceled/invalid ISBN 9780194799515
Qualifying information (paperback)
020 ## - INTERNATIONAL STANDARD BOOK NUMBER
Canceled/invalid ISBN 9780194798877
Qualifying information (paperback in pack)
020 ## - INTERNATIONAL STANDARD BOOK NUMBER
Canceled/invalid ISBN 9780194798938
Qualifying information (DVD in pack)
035 ## - SYSTEM CONTROL NUMBER
System control number (OCoLC)ocn908411392
040 ## - CATALOGING SOURCE
Original cataloging agency EQO
Language of cataloging eng
Transcribing agency EQO
Description conventions rda
Modifying agency OCLCO
-- YDXCP
-- OCLCF
-- LTSCA
-- S3O
-- OCLCQ
-- FC@
-- UAT
-- OCLCA
-- AU@
-- UKMGB
-- UKSSU
-- DLC
-- DLC
042 ## - AUTHENTICATION CODE
Authentication code lccopycat
050 00 - LIBRARY OF CONGRESS CALL NUMBER
Classification number PE1628
Item number .O86 2015b
082 0# - DEWEY DECIMAL CLASSIFICATION NUMBER
Classification number 413
Edition number 7
Item number OXF
100 1# - MAIN ENTRY--PERSONAL NAME
Personal name Hornby, Albert Sydney,
Relator term author.
245 10 - TITLE STATEMENT
Title Oxford advanced learner's dictionary of current English /
Statement of responsibility, etc. A.S. Hornby.
246 30 - VARYING FORM OF TITLE
Title proper/short title Advanced learner's dictionary of current English
246 14 - VARYING FORM OF TITLE
Title proper/short title Oxford advanced learner's dictionary
250 ## - EDITION STATEMENT
Edition statement [New] Ninth edition.
250 ## - EDITION STATEMENT
Edition statement International student's edition.
264 #1 - PRODUCTION, PUBLICATION, DISTRIBUTION, MANUFACTURE, AND COPYRIGHT NOTICE
Place of production, publication, distribution, manufacture Oxford :
Name of producer, publisher, distributor, manufacturer Oxford University Press,
Date of production, publication, distribution, manufacture, or copyright notice 2015.
300 ## - PHYSICAL DESCRIPTION
Extent 1 volume (various pagings) :
Other physical details illustrations (chiefly colour), colour maps ;
Dimensions 24 cm +
Accompanying material 1 DVD (4 3/4 in.)
336 ## - CONTENT TYPE
Content type term text
Content type code txt
Source rdacontent
337 ## - MEDIA TYPE
Media type term unmediated
Media type code n
Source rdamedia
338 ## - CARRIER TYPE
Carrier type term volume
Carrier type code nc
Source rdacarrier
500 ## - GENERAL NOTE
General note "With new iSpeaker/iWriter on DVD and online"--Cover.
520 ## - SUMMARY, ETC.
Summary, etc. Say it with OxfordThe Oxford Advanced Learners Dictionary is the ultimate speaking and writing tool for developing the skills you need for passing exams and communicating in English. Its trusted by learners and teachers of English around the world for its clear explanations and example sentences.
650 #0 - SUBJECT ADDED ENTRY--TOPICAL TERM
Topical term or geographic name as entry element English language
Form subdivision Dictionaries.
650 #7 - SUBJECT ADDED ENTRY--TOPICAL TERM
Topical term or geographic name as entry element English language.
Source of heading or term fast
Authority record control number (OCoLC)fst00910920
655 #7 - INDEX TERM--GENRE/FORM
Genre/form data or focus term Dictionaries.
Source of term lcgft
655 #7 - INDEX TERM--GENRE/FORM
Genre/form data or focus term Dictionaries.
Source of term fast
Authority record control number (OCoLC)fst01423826
906 ## - LOCAL DATA ELEMENT F, LDF (RLIN)
a 7
b cbc
c copycat
d 2
e ncip
f 20
g y-gencatlg
942 ## - ADDED ENTRY ELEMENTS (KOHA)
Source of classification or shelving scheme Dewey Decimal Classification
Koha item type Books
Holdings
Withdrawn status Lost status Source of classification or shelving scheme Damaged status Not for loan Collection code Home library Current library Shelving location Date acquired Total Checkouts Full call number Barcode Date last seen Price effective from Koha item type
    Dewey Decimal Classification     Reference Bunge Tower Library Bunge Tower Library Reference 06/20/2023   413 OXF 10014854 06/20/2023 06/20/2023 Books
LIBRARY OPENING HOURS

When the Parliament is sitting: 8.00a.m - 7.00p.m or until the house adjourns
Mondays and Fridays and when the House is on Recess:  8.00a.m - 5.00p.m
Closed on Weekends and Public Holidays

Online Public Access Catalog (OPAC)
Website: http://www.parliament.go.ke
Bunge Library: https://libraryir.parliament.go.ke
Contact: library@parliament.go.ke | Tel no: (254-2)2221291 or 2848000 Ext 5043